000 00722 a2200217 4500
999 _c331626
_d331626
003 NUST
005 20180118110450.0
008 171002b xxu||||| |||| 00| 0 eng d
020 _a9788131773352
040 _cSNS
082 0 0 _a530.12 TYA
100 1 _aTyagi, Ishwar Singh
_95157
245 1 4 _aPrinciples of quantum mechanics
_cTyagi, Ishwar Singh
250 _aPearson India
260 _aDelhi
_bPearson Education
_c2013.
300 _axiv, 562 p. :
_bill. ;
500 _a.
650 0 _aQuantum theory
_xPhysics.
_95158
942 _cBK
_k530.12 TYA
_2ddc